000 01131nam a22001817a 4500
999 _c15113
_d15113
003 OSt
082 _2631.587 ANJ/AS
088 _aP 308
100 _aANJANA K
_aJITHU MARY VARUGHESE
_aVIVEKANAND VIDYARTHI
_93840
245 _aAssessment of water availability and irrigation scheduling of right bank canal of Chalakudy river diversion scheme
260 _aTavanur 2015
_bDepartment of Irrigation & Drainage Engineering
300 _a89
500 _aAssessment of water availability and irrigation scheduling of right bank canal of Chalakudy river diversion scheme
520 _aThis study was done to evaluate the performance of canal supply of the RBC of CRDS. In particular, this study deals with the comparison of crop water requirement and irrigation scheduling of the proposed and present cropping pattern in the command area of the RBC, the computation of scheme supply for the proposed and present cropping pattern and thereby to estimate the adequacy of the canal supply system.
700 _aDr. Rema K. P (Guide)
_93468
856 _uhttps://drive.google.com/open?id=1ow9v0_7dA00tV-TxQQc4IogIbHbMHHWF
942 _cPR